<?xml version="1.0" encoding="UTF-8"?>
<collection xmlns="http://www.loc.gov/MARC21/slim">
 <record>
  <leader>00899cam a2200289 7i4500</leader>
  <controlfield tag="001">0000058362</controlfield>
  <controlfield tag="005">20250711090000.0</controlfield>
  <controlfield tag="007">  Monograph</controlfield>
  <controlfield tag="008">110725                             eng</controlfield>
  <datafield tag="020" ind1=" " ind2=" ">
   <subfield code="a">9781292727785 (pbk.) </subfield>
  </datafield>
  <datafield tag="040" ind1=" " ind2=" ">
   <subfield code="a">TSAM</subfield>
  </datafield>
  <datafield tag="090" ind1="0" ind2="0">
   <subfield code="a">HF5635 </subfield>
   <subfield code="b">WOO 2025</subfield>
  </datafield>
  <datafield tag="100" ind1="1" ind2=" ">
   <subfield code="a">Sangster, Alan </subfield>
   <subfield code="e">author </subfield>
  </datafield>
  <datafield tag="245" ind1="1" ind2="0">
   <subfield code="a">Frank Wood's business accounting : </subfield>
   <subfield code="b">An introduction to finanacial accounting  </subfield>
   <subfield code="c">Alan Sangster and Lewis Gordon.</subfield>
  </datafield>
  <datafield tag="250" ind1=" " ind2=" ">
   <subfield code="a">16th ed.</subfield>
  </datafield>
  <datafield tag="264" ind1=" " ind2="4">
   <subfield code="c">♭2025.</subfield>
  </datafield>
  <datafield tag="264" ind1=" " ind2="1">
   <subfield code="a">Harlow, England: </subfield>
   <subfield code="b">Pearson Education, </subfield>
   <subfield code="c">2025.</subfield>
  </datafield>
  <datafield tag="300" ind1=" " ind2=" ">
   <subfield code="a">xix, 910 pages: </subfield>
   <subfield code="b">color illustrations; </subfield>
   <subfield code="c">25 cm.</subfield>
  </datafield>
  <datafield tag="336" ind1=" " ind2=" ">
   <subfield code="a">text</subfield>
   <subfield code="2">rdacontent</subfield>
  </datafield>
  <datafield tag="337" ind1=" " ind2=" ">
   <subfield code="a">unmediated</subfield>
   <subfield code="2">rdamedia</subfield>
  </datafield>
  <datafield tag="338" ind1=" " ind2=" ">
   <subfield code="a">volume</subfield>
   <subfield code="2">rdacarrier</subfield>
  </datafield>
  <datafield tag="501" ind1="0" ind2="0">
   <subfield code="a">BBUS</subfield>
  </datafield>
  <datafield tag="504" ind1="0" ind2="0">
   <subfield code="a">Includes bibliographical references and index</subfield>
  </datafield>
  <datafield tag="600" ind1="0" ind2=" ">
   <subfield code="a">Wood, Frank</subfield>
  </datafield>
  <datafield tag="650" ind1="1" ind2="0">
   <subfield code="a">Accounting </subfield>
  </datafield>
  <datafield tag="700" ind1="1" ind2=" ">
   <subfield code="a">Gordon, Lewis </subfield>
  </datafield>
  <datafield tag="856" ind1="4" ind2="0">
   <subfield code="u">www.pearson.com</subfield>
  </datafield>
 </record>
</collection>
